| 000 | 00532nam a22001937a 4500 | ||
|---|---|---|---|
| 003 | BD-ChCU | ||
| 005 | 20260506104304.0 | ||
| 008 | 260506 nyu ||||| |||| 00| 0 eng d | ||
| 020 | _a9781032000053 | ||
| 040 | _cBD-ChCU | ||
| 082 |
_223 _a370.1 H233 |
||
| 245 |
_aHandbook of philosophy of education/ _cEdited by Randall Curren. |
||
| 260 |
_aNew York : _bRoutlege, _c2023 |
||
| 300 | _a448 P. : | ||
| 504 | _aIncludes. | ||
| 650 | 0 |
_aEducation philosophy. _922475 |
|
| 700 |
_aCurren, Randall. _eEditor _922476 |
||
| 942 |
_2ddc _cBK _n0 |
||
| 999 |
_c112717 _d112717 |
||